|
|
|
|
| LEADER |
01276nam a2200265 a 4500 |
| 001 |
4860021 |
| 003 |
GR-PaULI |
| 005 |
20211029092550.0 |
| 008 |
910723s1990 stka b 101 0 eng |
| 952 |
|
|
|0 0
|1 0
|2 ddc
|4 0
|6 616_920000000000000_NEW
|7 0
|9 329863
|a LISP
|b LISP
|c BSC
|d 2021-10-29
|i 151800
|l 0
|o 616.92 NEW
|p 025000286288
|r 2021-10-29 00:00:00
|t 1
|w 2021-10-29
|y BK15
|
| 999 |
|
|
|c 184631
|d 184631
|
| 010 |
|
|
|a 91175372
|
| 020 |
|
|
|a 0443044481
|
| 040 |
|
|
|a DLC
|c GR-PaULI
|b gre
|e AACR2
|
| 082 |
0 |
4 |
|a 616.92
|2 23
|
| 245 |
0 |
0 |
|a New antibacterial strategies :
|b proceedings of an international symposium sponsored by Glaxo Research, Brocket Hall, Hertfordshire, 30 June-3 July 1990 /
|c edited by Harold C. Neu ; organizing committee, K.P.W.J. McAdam ... [et al.].
|
| 260 |
|
|
|a Edinburgh ;
|a New York :
|b Churchill Livingstone,
|c 1990.
|
| 300 |
|
|
|a xii, 312 σ. :
|b εικ. ;
|c 24 εκ.
|
| 490 |
1 |
|
|a Frontiers of infectious diseases
|
| 504 |
|
|
|a Περιλαμβάνει βιβλιογραφικές παραπομπές και ευρετήριο.
|
| 650 |
|
4 |
|a Μεταδοτικές ασθένειες
|9 64050
|
| 700 |
1 |
|
|a Neu, Harold C.,
|d 1934-
|9 188279
|e επιμελητής.
|
| 830 |
|
0 |
|9 188278
|a Frontiers of infectious diseases
|
| 942 |
|
|
|2 ddc
|c BK15
|
| 998 |
|
|
|c ΜΠΟΥΡΑΣ
|d 2021-10
|